FC Bayern Rückennummerhistorie #14 - Statistiken

Allgemein
  • Dieses Quiz wurde 22 mal gespielt
  • Das Durchschnittsergebnis liegt bei 8 aus 62
Antwortstatistiken
Hint Antwort % Korrekt
seit 2025/26 Luis Diaz
95%
2012-2015; 2000-2007 Claudio Pizarro
48%
2019/20 Ivan Perisic
29%
2017-2019 Juan Bernat
29%
1977/78; 1974/75 Karl-Heinz Rummenigge
29%
1994/95 Mehmet Scholl
29%
1984/85 Michael Rummenigge
29%
1985/86; 1983/84 Dieter Hoeneß
24%
2015-2017 Xabi Alonso
24%
1994/95 Dietmar Hamann
19%
1989/90 Hansi Flick
19%
2021-2023 Paul Wanner
19%
1994-96 Dieter Frey
14%
1977/78 Klaus Augenthaler
14%
1994-96 Marcel Witeczek
14%
1997-2000 Mario Basler
14%
1990/91 Markus Münch
14%
1994/95 Markus Schupp
14%
1990-95 Michael Sternkopf
14%
1993/94; 1991/92 Olaf Thon
14%
1991/92 Oliver Kreuzer
14%
1988/89 Roland Grahammer
14%
1990/91 Thomas Strunz
14%
1989/90 Alan McInally
10%
1995/96 Andreas Herzog
10%
1987-89 Armin Eck
10%
1991/92 Brian Laudrup
10%
1991/92 Bruno Labbadia
10%
1995/96; 1993/94 Christian Nerlinger
10%
1995/96 Ciriaco Sforza
10%
1988/89 Hans Dorfner
10%
1994-96; 1991/92 Hans Pflügler
10%
2020/21 Joshua Zirkzee
10%
2007/08 Julio dos Santos
10%
1989-91, 1987/88 Ludwig Kögl
10%
1989-91 Manfred Bender
10%
1992/93; 1989-91 Manfred Schwabl
10%
1994/95; 1992/93 Mazinho
10%
1988/89 Norbert Nachtweih
10%
1983/84 Reinhold Mathy
10%
1986/87 Alexander Kutschera
5%
1990/91 Allan Nielsen
5%
1984/85 Bertram Beierlozer
5%
1996/97 Carsten Lakies
5%
1988/89 Erland Johnsen
5%
1973/74 Erwin Hadewicz
5%
1985/86 Frank Hartmann
5%
1972/73 Franz Krauthausen
5%
1973/74 Gernot Rohr
5%
1983/84 Hans-Werner Meisel
5%
1993/94 Harald Cerny
5%
1972/73 Herbert Zimmermann
5%
1986/87 Holger Willmer
5%
1981/82 Kurt Niedermayer
5%
1986/87 Lars Lunde
5%
1975/76 Ludwig Schuster
5%
1994/95 Marco Grimm
5%
1977/78 Rainer Künkel
5%
1995/96 Roman Grill
5%
2011/12 Takashi Usami
5%
1978/79 Wilhelm Reisinger
5%
1979/80 Wolfgang Kraus
5%
Keine übereinstimmenden Quizze gefunden
Verteilung der Resultate
Anzahl Personen mit jedem Resultat
Perzentil nach korrekt beantworteten Fragen
Ihre Resultats-Entwicklung
Sie haben dieses Quiz noch nicht gespielt